000 00731nam a2200229Ia 4500
003 OSt
005 20220923220839.0
006 a|||||r|||| 00| 0
007 ta
008 220922b |||||||| |||| 00| 0 hin d
024 _a191,269
037 _cTextual
040 _aARTS
_cARTS
_bhin
041 _2hin
_ahin
082 _aV1:19:N3, 152J9
100 _aकार, ई एच
245 0 _aदो विश्व युद्धों के बीच अन्तर्राष्ट्रीय सम्बन्ध
246 _aDo vishva yuddhoan ke bīch antarrāṣhṭrīya sambandha
260 _c1959
942 _hV1:19:N3, 152J9
_cTEXL
_2CC
999 _c343976
_d343976